Embar afg Quiz Stats

 Plays Quiz not verified by Sporcle

Challenge
Share
Tweet
Embed
Score 0/15 Timer 10:00
0 Plays Today
Stofnun Embættismaður % Correct
Forstj. VinnumálastofnunnarGissur Pétursson
100%
Forstjóri Hagþjónustu landbúnaðarins (Hvanneyri)Jónas Bjarnason
100%
Forstj. UmhverfisstofnunnarKristín Árnadóttir
100%
Forstöðum. Fornleifanefndar ríkisinsKristín Sigurðardóttir
83.3%
FjársýslustjóriGunnar Hall
83.3%
Forstjóri Bankasýslu ríkisinsJón Gunnar Jónsson
66.7%
Forstj. Framkvæmdasýslu ríkisinsÓskar Valdimarsson
50%
SiglingamálastjóriHermann Guðjónsson
33.3%
Stofnun Embættismaður % Correct
Forstjóri Ísavía ohf.Björn Óli Hauksson
33.3%
Forseti HæstaréttarMarkús Sigurbjörnsson
16.7%
Forstöðum. Rannsóknarmiðstöðvar Ísl.Hallgrímur Jónasson
16.7%
Forstjóri Nýsköpunarmiðstöðvar ÍslandsÞorsteinn Sigfússon
0%
Stjórnarform. ÍbúðalánasjóðsKatrín Ólafsdóttir
0%
Forstöðum. ÞjóðskjalasafnsÓlafur Ágeirsson
0%
Framkvæmdastjóri ÍbúðalánasjóðsSigurður Erlingsson
0%

You're not logged in!

Compare scores with friends on all Sporcle quizzes.
OR
Log In

You Might Also Like...

Show Comments

Extras

Created Feb 13, 2012ReportNominate

Top Quizzes Today


Score Distribution

Your Account Isn't Verified!

In order to create a playlist on Sporcle, you need to verify the email address you used during registration. Go to your Sporcle Settings to finish the process.

Report this User

Report this user for behavior that violates our Community Guidelines.

Details: